=LDR 00000nam 2200000 4500 =001 INLIS000000000013960 =005 20130612105254 =008 ***********************************Ind** =035 ##$$0010-061300000013960 =041 ##$$a Ind =082 ##$$a 818.08 =090 ##$$a 818.08, Dis s =100 ##$$a Disastra, Suria =245 ##$$a Senja di nusantara, Antologi prosa dan puisi, Soeria Disastra =260 ##$$a 2004 $b Bandung =300 ##$$a 255 hlm, 21 cm =650 ##$$a Prosa Indonesia - Antologi =850 ##$$a NBPNMAT =990 ##$$a 0001/BPAP-NTB/2016